Historia de la pintura (Record no. 6324)

MARC details
000 -CABECERA
campo de control de longitud fija 01058nam a2200277 a 4500
001 - NÚMERO DE CONTROL
campo de control BRCA_6640
005 - FECHA Y HORA DE LA ÚLTIMA TRANSACCIÓN
campo de control 20190320205534.0
008 - DATOS DE LONGITUD FIJA--INFORMACIÓN GENERAL
campo de control de longitud fija 111011s1962----sp-a######---#000-0#spa-#
041 ## - CÓDIGO DE LENGUA
Código de lengua del texto/banda sonora o título independiente spa
044 ## - CÓDIGO DEL PAÍS DE LA ENTIDAD EDITORA/PRODUCTORA
Código MARC del país sp
050 #4 - SIGNATURA TOPOGRÁFICA DE LA BIBLIOTECA DEL CONGRESO
Número de clasificación ND450
Número de documento/Ítem .E87 1962
100 1# - ENTRADA PRINCIPAL--NOMBRE DE PERSONA
Nombre de persona Espezel, Pierre d´
Fechas asociadas al nombre 1893-
9 (RLIN) 16622
245 10 - MENCIÓN DE TÍTULO
Título Historia de la pintura
Resto del título desde Bizancio a Picasso
Mención de responsabilidad, etc. por Pierre D´Espezel y François Fosca ; traducción de José Antonio Fontanilla ; revisión y adaptación Teodoro Miciano.
260 ## - PUBLICACIÓN, DISTRIBUCIÓN, ETC.
Lugar de publicación, distribución, etc. Barcelona
Nombre del editor, distribuidor, etc. Daimon : Manuel Tamayo
Fecha de publicación, distribución, etc. 1962
300 ## - DESCRIPCIÓN FÍSICA
Extensión 240 p.
Otras características físicas il. (algunas a color)
Dimensiones 30 cm.
440 #0 - MENCIÓN DE SERIE/PUNTO DE ACCESO ADICIONAL--TÍTULO
Título Colección Tesoros de los grandes museos
9 (RLIN) 12343
500 ## - NOTA GENERAL
Nota general Incluye índice de ilustraciones e índice de nombres citados
500 ## - NOTA GENERAL
Nota general Traducción de: Historie de la Peinture
500 ## - NOTA GENERAL
Nota general Donación Dra. Elsa Barberena
650 14 - PUNTO DE ACCESO ADICIONAL DE MATERIA--TÉRMINO DE MATERIA
Término de materia o nombre geográfico como elemento de entrada Pintura europea
Subdivisión general Historia
9 (RLIN) 16623
700 1# - PUNTO DE ACCESO ADICIONAL--NOMBRE DE PERSONA
Nombre de persona Fosca, François
Término indicativo de función/relación coaut.
9 (RLIN) 12742
700 1# - PUNTO DE ACCESO ADICIONAL--NOMBRE DE PERSONA
Nombre de persona Miciano, Teodoro
9 (RLIN) 12347
700 1# - PUNTO DE ACCESO ADICIONAL--NOMBRE DE PERSONA
Nombre de persona Fontanilla, José Antonio
Término indicativo de función/relación tr.
9 (RLIN) 16624
902 ## - CATALOGADOR
Iniciales DEB
942 ## - ELEMENTOS DE PUNTO DE ACCESO ADICIONAL (KOHA)
Fuente del sistema de clasificación o colocación Library of Congress Classification
Tipo de ítem Koha Libros
Holdings
Estado de retiro Estado de pérdida Estado dañado No para préstamo Localización permanente Ubicación/localización actual Fecha de adquisición Total de préstamos Signatura topográfica completa Código de barras Fecha visto por última vez Precio válido a partir de Tipo de ítem Koha
El ejemplar forma parte de la colección y puede ser consultado según las políticas vigentes.       Biblioteca del Museo Franz Mayer (Rogerio Casas-Alatriste) Biblioteca del Museo Franz Mayer (Rogerio Casas-Alatriste) 11/10/2011   ND450 .E87 1962 DEB00077 22/03/2019 22/03/2019 Libros